| 000 | 00759nam a22001815i 4500 | ||
|---|---|---|---|
| 001 | 160032 | ||
| 003 | ES-MaACL | ||
| 005 | 20230906211922.0 | ||
| 008 | 941007m17861788sp |||| | spa d | ||
| 040 |
_aCLM _bspa |
||
| 080 | _a821.134.2-31"17" | ||
| 100 | 1 |
_aMontengon, Pedro ( _d1745-1824) _9130092 |
|
| 245 | 1 | 0 |
_aEusebio / _csacada de las memorias que dexó el mismo por Don Pedro Montegon. |
| 260 |
_aEn Madrid : _bpor Antonio de Sancha, se hallara en su imprenta ..., _c1786-1788. |
||
| 300 |
_a4 pt. en 4 v.([4], 361, [1] p., [2] en bl. , [1] h. de lám. ; 381 p., [3] en bl. ; [4], 409 p., [3] en bl. ; 397 p., [3] en bl.) ; _c20 cm. |
||
| 596 | _aMarca tip. en port. | ||
| 852 |
_aES-MaACL _jR-3174-77 _z-- Enc. pasta española _xOlim:G-11653-56 |
||
| 999 |
_c160032 _d160032 |
||